00526nam a22001817a 450000500170000001000150001702000270003203500140005903700130007308200160008610000160010224500620011825000060018026000380018627000640022430000240028870000320031220240209151412.0 aENG-139054 a9789383243266c4200.00 aEN-122586 bDBAD/PUB a954.025721 aKoch, Ebba  aThe Mughal Empire from Jahangir To shah Jahan/cEbba koch a1 aMumbaibThe Merg Foundationc2019 aArmy & navy building 3rd floor,148,M.G RoadbMumbaie400001 a320 p.c31 cm(hbk) aEbba Koch and Ali Anooshahr